| 000 | 00758mam a2200253 i 4500 | ||
|---|---|---|---|
| 001 | 3699 | ||
| 003 | BD-RjUL | ||
| 005 | 20211208233754.0 | ||
| 008 | 160625r19601930enka b 001 0 eng d | ||
| 035 | _a(OCoLC)ocm02108261 | ||
| 035 | _a(BD-RjUL)3733 | ||
| 040 |
_aIBS _cIBS _beng _dBD-RjUL |
||
| 041 | _aeng | ||
| 082 | 0 | 4 |
_216 _a332.4 _bKET 1960 |
| 100 | 1 |
_aKeynes, John Maynard, _d1883-1946. _96591 |
|
| 245 | 1 | 2 |
_aA treatise on money / _cby John Maynard Keynes. |
| 260 |
_aLondon : _bMacmillan, _c1930 [reprinted 1960]. |
||
| 300 |
_aV : _bill. ; _c23 cm. |
||
| 504 | _aIncludes index. | ||
| 505 | 0 | _av.1. The pure theory of money.--v.2. The applied theory of money. | |
| 650 | 0 |
_aMoney. _911746 |
|
| 650 | 0 |
_aBanks and banking. _911747 |
|
| 942 |
_2ddc _cBK |
||
| 999 |
_c3699 _d3699 |
||